| 000 | 00174nam a22000737a 4500 | ||
|---|---|---|---|
| 999 |
_c24670 _d24670 |
||
| 003 | Nust | ||
| 005 | 20170529130026.0 | ||
| 008 | 140619b xxu||||| |||| 00| 0 eng d | ||
| 020 | _cAvailable | ||
| 040 |
_aDLC _bDLC _cRCMS |
||
| 082 | _a297INA | ||
| 100 |
_aInamullah Khan _91522 |
||
| 245 |
_aMaxims of Mohummud _cInamullah Khan |
||
| 260 |
_aKarachi _bUmma Publishing House |
||
| 300 |
_a87,p: _bill: _c20,cm. |
||
| 538 | _iShelf # 13, Row # 4, Fiction. | ||
| 650 |
_aFiction /Literary _9439 |
||
| 856 | _3Table of Content Only | ||
| 942 |
_2ddc _cFIC |
||